Города Приволжского федерального округа России - Statistics

General Stats
  • This quiz has been taken 86 times
  • The average score is 85 of 200
Answer Stats
Население Подсказка Город % Correct
1 318 604 Республика Татарстан Казань
98%
1 158 952 Самарская область Самара
98%
887 365 Саратовская область Саратов
95%
1 204 985 Нижегородская область Нижний Новгород
93%
618 776 Удмуртская республика Ижевск
90%
1 163 304 Республика Башкортостан Уфа
90%
475 464 Кировская область Киров
88%
1 026 912 Пермский край Пермь
88%
310 898 Республика Мордовия Саранск
88%
496 350 Республика Чувашия Чебоксары
88%
684 709 Самарская область Тольятти
88%
536 862 Оренбургская область Оренбург
88%
488 299 Пензенская область Пенза
85%
285 042 Республика Марий Эл Йошкар-Ола
83%
545 750 Республика Татарстан Набережные Челны
83%
611 683 Ульяновская область Ульяновск
83%
241 479 Республика Татарстан Нижнекамск
80%
225 428 Саратовская область Энгельс
80%
103 997 Нижегородская область Арзамас
78%
277 410 Республика Башкортостан Стерлитамак
76%
189 195 Оренбургская область Орск
76%
216 598 Нижегородская область Дзержинск
73%
120 375 Республика Чувашия Новочебоксарск
73%
155 988 Республика Татарстан Альметьевск
68%
48 564 Самарская область Жигулёвск
66%
135 533 Пермский край Березники
63%
88 789 Пермский край Соликамск
63%
148 575 Республика Башкортостан Салават
63%
165 725 Самарская область Сызрань
63%
184 466 Саратовская область Балаково
63%
77 582 Нижегородская область Бор
61%
87 762 Удмуртская республика Глазов
61%
131 942 Республика Башкортостан Нефтекамск
61%
88 341 Оренбургская область Бузулук
61%
91 115 Удмуртская республика Сарапул
59%
99 137 Республика Татарстан Зеленодольск
59%
73 630 Республика Татарстан Елабуга
59%
66 651 Кировская область Кирово-Чепецк
56%
97 471 Удмуртская республика Воткинск
56%
81 677 Республика Татарстан Бугульма
56%
20 421 Республика Татарстан Арск
56%
110 968 Ульяновская область Димитровград
56%
20 703 Самарская область Октябрьск
56%
115 557 Республика Башкортостан Октябрьский
54%
26 149 Оренбургская область Соль-Илецк
54%
93 721 Нижегородская область Саров
51%
62 208 Нижегородская область Кстово
51%
8285 Республика Татарстан Болгар
51%
98 306 Самарская область Новокуйбышевск
51%
43 593 Оренбургская область Бугуруслан
51%
28 630 Пермский край Кудымкар
49%
42 989 Республика Мордовия Рузаевка
49%
52 164 Республика Марий Эл Волжск
49%
28 749 Саратовская область Маркс
49%
28 660 Нижегородская область Городец
46%
75 324 Пермский край Чайковский
46%
47 968 Пермский край Краснокамск
46%
19 355 Республика Марий Эл Козьмодемьянск
46%
58 815 Республика Татарстан Чистополь
46%
3955 Республика Татарстан Иннополис
46%
78 390 Пензенская область Кузнецк
46%
25 075 Нижегородская область Семёнов
44%
32 265 Республика Чувашия Алатырь
44%
44 345 Удмуртская республика Можга
44%
64 041 Республика Башкортостан Ишимбай
44%
14 219 Республика Башкортостан Агидель
44%
13 673 Ульяновская область Новоульяновск
44%
70 228 Самарская область Чапаевск
44%
74 057 Саратовская область Балашов
44%
40 127 Саратовская область Пугачёв
44%
75 960 Оренбургская область Новотроицк
44%
57 116 Нижегородская область Павлово
41%
62 173 Пермский край Кунгур
41%
60 993 Республика Татарстан Лениногорск
41%
19 860 Республика Татарстан Агрыз
41%
68 349 Республика Башкортостан Туймазы
41%
44 295 Республика Башкортостан Бирск
41%
35 068 Нижегородская область Богородск
39%
44 780 Пермский край Чусовой
39%
44 354 Республика Чувашия Канаш
39%
12 762 Республика Чувашия Цивильск
39%
34 750 Республика Татарстан Азнакаево
39%
22 875 Республика Татарстан Менделеевск
39%
15 726 Республика Татарстан Мамадыш
39%
35 481 Республика Башкортостан Благовещенск
39%
19 873 Пензенская область Никольск
39%
33 280 Оренбургская область Гай
39%
48 569 Нижегородская область Балахна
37%
20 256 Нижегородская область Сергач
37%
17 626 Нижегородская область Шахунья
37%
29 742 Кировская область Вятские Поляны
37%
6489 Пермский край Усолье
37%
8857 Республика Мордовия Ардатов
37%
33 990 Республика Татарстан Нурлат
37%
19 968 Республика Татарстан Буинск
37%
59 195 Республика Башкортостан Белебей
37%
56 514 Республика Башкортостан Сибай
37%
36 175 Республика Башкортостан Учалы
37%
36 358 Самарская область Кинель
37%
18 076 Самарская область Нефтегорск
37%
55 035 Саратовская область Вольск
37%
37 850 Саратовская область Ртищево
37%
45 240 Нижегородская область Выкса
34%
20 144 Кировская область Котельнич
34%
19 629 Кировская область Омутнинск
34%
14 284 Кировская область Яранск
34%
10 502 Пермский край Александровск
34%
26 873 Республика Чувашия Шумерля
34%
10 080 Удмуртская республика Камбарка
34%
16 008 Республика Татарстан Мензелинск
34%
10 535 Республика Татарстан Тетюши
34%
64 525 Республика Башкортостан Белорецк
34%
28 478 Оренбургская область Сорочинск
34%
23 693 Оренбургская область Медногорск
34%
7681 Нижегородская область Ветлуга
32%
14 626 Кировская область Советск
32%
8520 Кировская область Кирс
32%
33 092 Пермский край Чернушка
32%
22 915 Пермский край Губаха
32%
19 369 Пермский край Оса
32%
14 294 Пермский край Очёр
32%
14 164 Пермский край Красновишерск
32%
4502 Пермский край Чердынь
32%
7918 Республика Чувашия Ядрин
32%
39 739 Республика Татарстан Заинск
32%
21 628 Республика Татарстан Бавлы
32%
9076 Республика Татарстан Лаишево
32%
57 949 Республика Башкортостан Кумертау
32%
33 491 Пензенская область Каменка
32%
30 220 Пензенская область Сердобск
32%
16 293 Ульяновская область Инза
32%
27 333 Самарская область Похвистнево
32%
22 709 Саратовская область Аткарск
32%
12 042 Саратовская область Хвалынск
32%
26 596 Оренбургская область Кувандык
32%
17 274 Оренбургская область Абдулино
32%
32 184 Нижегородская область Кулебаки
29%
21 657 Нижегородская область Лысково
29%
13 223 Нижегородская область Первомайск
29%
11 535 Нижегородская область Чкаловск
29%
9767 Кировская область Зуевка
29%
9122 Кировская область Луза
29%
8262 Кировская область Нолинск
29%
5508 Кировская область Орлов
29%
28 545 Пермский край Добрянка
29%
15 319 Пермский край Кизел
29%
6290 Пермский край Оханск
29%
6451 Республика Мордовия Темников
29%
56 505 Республика Башкортостан Мелеуз
29%
31 185 Республика Башкортостан Дюртюли
29%
21 834 Республика Башкортостан Давлеканово
29%
58 510 Пензенская область Заречный
29%
20 421 Пензенская область Нижний Ломов
29%
6936 Пензенская область Спасск
29%
14 924 Ульяновская область Барыш
29%
6407 Ульяновская область Сенгилей
29%
46 984 Самарская область Отрадный
29%
26 319 Саратовская область Петровск
29%
15 471 Оренбургская область Ясный
29%
36 763 Нижегородская область Заволжье
27%
14 664 Нижегородская область Навашино
27%
12 450 Нижегородская область Урень
27%
10 162 Нижегородская область Ворсма
27%
2009 Нижегородская область Горбатов
27%
29 148 Кировская область Слободской
27%
9659 Кировская область Белая Холуница
27%
53 057 Пермский край Лысьва
27%
22 077 Пермский край Верещагино
27%
10 890 Пермский край Горнозаводск
27%
8100 Пермский край Гремячинск
27%
2919 Пермский край Чёрмоз
27%
19 793 Республика Мордовия Ковылкино
27%
8910 Республика Мордовия Краснослободск
27%
10 822 Республика Марий Эл Звенигово
27%
17 886 Республика Татарстан Кукмор
27%
17 833 Республика Башкортостан Баймак
27%
8656 Пензенская область Белинский
27%
7796 Пензенская область Городище
27%
6034 Пензенская область Сурск
27%
21 350 Саратовская область Красноармейск
27%
14 296 Саратовская область Красный Кут
27%
9705 Нижегородская область Володарск
24%
6447 Нижегородская область Княгинино
24%
8448 Кировская область Уржум
24%
6931 Кировская область Малмыж
24%
7920 Республика Мордовия Инсар
24%
7851 Республика Чувашия Мариинский Посад
24%
7781 Республика Чувашия Козловка
24%
25 908 Республика Башкортостан Янаул
24%
8999 Нижегородская область Перевоз
22%
5700 Кировская область Мураши
22%
16 463 Пермский край Нытва
22%
15 697 Республика Башкортостан Межгорье
22%
15 216 Саратовская область Новоузенск
22%
5155 Саратовская область Шиханы
22%
18 095 Саратовская область Ершов
20%
14 949 Саратовская область Калининск
20%
12 652 Нижегородская область Лукоянов
17%
10 990 Саратовская область Аркадак
17%
8428 Кировская область Сосновка
15%
No matching quizzes found
Score Distribution
Percent of People with Each Score
Percentile by Number Answered
Your Score History
You have not taken this quiz